Compendio de didáctica general /

Guardado en:
Autor Principal: Mattos, Luiz Alves De
Formato: Libro
Publicado: Buenos Aires : Kapelusz, 1971
Materias:
Etiquetas: Agregar Etiqueta
Sin Etiquetas, Sea el primero en etiquetar este registro!
LEADER 00706nam a22002295a 4500
001 CEM.cems004233
005 20060216000000.0
008 130507s1971##################000#0#####d
003 CEMS
082 0 4 |a 370.1 
100 1 |a Mattos, Luiz Alves De 
245 1 0 |a Compendio de didáctica general / 
260 |a Buenos Aires :  |b Kapelusz,  |c 1971 
300 |a 413 p. 
653 |a Aprendizaje 
653 |a Didactica 
653 |a Disciplina escolar 
653 |a Educacion 
653 |a Evaluacion escolar 
859 |a CEMS  |b BIB. CEMS - 11 de abril  |h 370.1  |i M436  |p 14890.87  |t Ej.3 
859 |a CEMS  |b BIB. CEMS - 11 de abril  |h 370.1  |i M436  |p 4381.75  |t Ej.1 
859 |a CEMS  |b BIB. CEMS - 11 de abril  |h 370.1  |i M436  |p 4382.75  |t Ej.2